000 00427nam a2200169Ia 4500
008 210716s1992 xx 000 0 und d
020 _a0002240610
041 _aeng
082 _a374.22 DORA
100 _aDoran, Amanda- Jane.
245 _aPunch on Europe.
250 _a1
260 _aLondon
_bHarper Collins Publishers India
_c1992
300 _a191
650 _aGeneral Management
700 _aDoran, Amanda- Jane.
999 _c198370
_d198370